Gaming Quiz

Random Gaming or Letter Quiz

Missing Word: 'R' in Video Games Quiz Stats

 Plays Quiz not verified by Sporcle

Score 0/16 Timer 04:00
0 Plays Today
Video game 'R' Word % Correct
Command & Conquer: ___ AlertRed
97.2%
___ EvilResident
97.2%
Red Dead ___Redemption
93.5%
Civilization VI: ___ and FallRise
92.6%
Dance Dance ___Revolution
89.8%
Star Wars: Knights of the Old ___Republic
80.6%
Sam & Max Hit the ___Road
78.7%
Guitar Hero: Warriors of ___Rock
75.9%
Video game 'R' Word % Correct
Tom Clancy's Ghost ___Recon
72.2%
Monkey Island 2: LeChuck's ___Revenge
64.8%
Jet Set ___Radio
59.3%
Halo: ___Reach
59.3%
Warcraft III: ___ of ChaosReign
54.6%
Assassin's Creed: ___Revelations
38.9%
Age of Empires: The Rise of ___Rome
35.2%
___: 2084Robotron
14.8%

You're not logged in!

Compare scores with friends on all Sporcle quizzes.
OR
Log In

You Might Also Like...

Show Comments

Extras

Top Quizzes Today


Score Distribution

Your Account Isn't Verified!

In order to create a playlist on Sporcle, you need to verify the email address you used during registration. Go to your Sporcle Settings to finish the process.

Report this User

Report this user for behavior that violates our Community Guidelines.

Details: